| 000 | 00636nam a2200181Ia 4500 | ||
|---|---|---|---|
| 008 | 100920s9999 xx 000 0 und d | ||
| 082 |
_b107789 _a891.464 न 10 |
||
| 100 | _aमुळे ज्ञानेश्वर. | ||
| 245 | _aमाणूस आणि मुक्काम. | ||
| 260 |
_bमाणिक प्रकाशन ,कोल्हापुर. _c2010 |
||
| 300 |
_a156 _bसाधी |
||
| 365 | _b150 | ||
| 520 | _aनिबंध. | ||
| 630 | _aमाणूस आणि मुक्काम. | ||
| 650 | _aनिबंध. | ||
| 730 | _aमाणूस आणि मुक्काम. | ||
| 942 | _cBOOK | ||
| 999 |
_c748213 _d748210 |
||